000 00919nam a2200301Ia 4500
001 Para_7481
003 CHAP
008 220125s2001 xx 000 0 und d
010 _a206368
020 _a968 - 884 - 732 - 1
040 _cCHAP
082 _aPA 005.133 C3
100 _aCastillo Marquez, Luis Emilio
_920176
245 _aIntroducción al SAS para windows /
_c por Luis Emilio Castillo Marquez
260 _aMéxico :
_b UACh. Departamento de Parasitología Agrícola
300 _a210 p.
650 _aEstadística matemática
_938261
650 _aLenguajes de programación
_965989
650 _aSAS (Programación)
_9102675
710 _a1. UACh. Departamento Parasitología Agrícola
_9172666
901 _aPA 005.133 C3
902 _aM
905 _a5232202001 mx in 8000000300spa06
910 _a2001
942 _cPARA
942 _cPARA
_d1
999 _c206368
_d206368